| 000 | 00797nam a22002535i 4500 | ||
|---|---|---|---|
| 001 | 67641 | ||
| 003 | ES-MaACL | ||
| 005 | 20230906170124.0 | ||
| 007 | t| | ||
| 008 | 040608s1992 sp ||||0| spa d | ||
| 020 | _a84-88337-50-7 | ||
| 040 |
_aM-BN _bspa _cM-BN |
||
| 080 | _a821.134.2-92"19" | ||
| 080 | _a914.602.7 M (0:82) | ||
| 100 | 1 |
_aGonzález-Ruano, César, _d1903-1965 _958936 |
|
| 245 | 1 | 0 |
_aMadrid, entrevisto / _cCésar González-Ruano ; edición de Carlos G. Santa Cecilia. |
| 260 |
_a[Madrid] : _bAmérica Ibérica, _cD.L. 1992. |
||
| 300 |
_a175 p. ; _c18 cm. |
||
| 500 | _aEn el lomo: 2. | ||
| 651 | 4 |
_aMadrid- _vArtículos periodísticos. _98945 |
|
| 700 | 1 |
_aSanta Cecilia, Carlos G. _9103232 |
|
| 852 |
_aES-MaACL _jL-27926 _bR.133006 |
||
| 999 |
_c67641 _d67641 |
||